Introduction to securitization (E-Book) (Record no. 193153)

000 -LEADER
fixed length control field 01752 a2200289 4500
003 - CONTROL NUMBER IDENTIFIER
control field Nust
005 - DATE AND TIME OF LATEST TRANSACTION
control field 20170207154052.0
010 ## - LIBRARY OF CONGRESS CONTROL NUMBER
LC control number 2008014508
020 ## - INTERNATIONAL STANDARD BOOK NUMBER
International Standard Book Number 0470371900 (cloth)
020 ## - INTERNATIONAL STANDARD BOOK NUMBER
International Standard Book Number 9780470371909 (cloth)
035 ## - SYSTEM CONTROL NUMBER
System control number (OCoLC)225531874
035 ## - SYSTEM CONTROL NUMBER
System control number (OCoLC)ocn225531874
040 ## - CATALOGING SOURCE
Transcribing agency Nust
082 00 - DEWEY DECIMAL CLASSIFICATION NUMBER
Classification number 332.632
100 1# - MAIN ENTRY--PERSONAL NAME
Personal name Frank J. Fabozzi, Vinod Kothari.
245 10 - TITLE STATEMENT
Title Introduction to securitization (E-Book)
Statement of responsibility, etc. Frank J. Fabozzi, Vinod Kothari.
260 ## - PUBLICATION, DISTRIBUTION, ETC.
Place of publication, distribution, etc. Hoboken, N.J. :
Name of publisher, distributor, etc. John Wiley & Sons,
Date of publication, distribution, etc. c2008.
300 ## - PHYSICAL DESCRIPTION
Extent xvii, 366 p. :
Other physical details ill. ;
Dimensions 24 cm.
440 #4 - SERIES STATEMENT/ADDED ENTRY--TITLE
Title The Frank J. Fabozzi series
505 0# - FORMATTED CONTENTS NOTE
Formatted contents note Introduction -- Issuer motivation for securitizing assets and the goals of securitizing -- Structuring agency MBS deals -- Structuring nonagency deals -- Credit enhancements -- Use of interest rate derivatives in securitization transactions -- Operational issues in securitization -- Collateral classes in ABS : retail loans -- Asset-backed commercial paper conduits and other structured vehicles -- Securitization of future cash flows : future revenues, operating revenues, and insurance profits -- Introduction to collateralized debt obligations -- Types of collateralized debt obligations -- Structuring and analysis of CDOs -- Benefits of securitization to financial markets and economies -- Concerns with securitization's impact on financial markets and economies.
650 #0 - SUBJECT ADDED ENTRY--TOPICAL TERM
Topical term or geographic name entry element Asset-backed financing.
650 #0 - SUBJECT ADDED ENTRY--TOPICAL TERM
Topical term or geographic name entry element Securities.
651 ## - SUBJECT ADDED ENTRY--GEOGRAPHIC NAME
Geographic name Introduction to securitization (E-Book)
700 1# - ADDED ENTRY--PERSONAL NAME
Personal name Kothari, Vinod.
856 42 - ELECTRONIC LOCATION AND ACCESS
Materials specified Publisher description
Uniform Resource Identifier <a href="http://www.loc.gov/catdir/enhancements/fy0829/2008014508-d.html">http://www.loc.gov/catdir/enhancements/fy0829/2008014508-d.html</a>
856 42 - ELECTRONIC LOCATION AND ACCESS
Materials specified Table of contents only
Uniform Resource Identifier <a href="http://www.loc.gov/catdir/enhancements/fy0829/2008014508-t.html">http://www.loc.gov/catdir/enhancements/fy0829/2008014508-t.html</a>
942 ## - ADDED ENTRY ELEMENTS (KOHA)
Source of classification or shelving scheme
Koha item type Book
Holdings
Withdrawn status Lost status Source of classification or shelving scheme Damaged status Not for loan Collection code Permanent Location Current Location Date acquired Total Checkouts Full call number Barcode Date last seen Price effective from Koha item type
            Military College of Signals (MCS) Military College of Signals (MCS) 12/12/2016   332.632 FAB MCSEB-2878 12/08/2016 12/12/2016 Book
© 2023 Central Library, National University of Sciences and Technology. All Rights Reserved.